书目信息 |
| 题名: |
数字化校园资源使用指南
|
|
| 作者: | 蒋必彪 主编 | |
| 分册: | ||
| 出版信息: | 北京 中国石化出版社 2007.09 |
|
| 页数: | 204页 | |
| 开本: | 20cm | |
| 丛书名: | ||
| 单 册: | ||
| 中图分类: | G647-39 | |
| 科图分类: | ||
| 主题词: | 教育--各级 | |
| 电子资源: | ||
| ISBN: | 978-7-80229-059-4 | |
| 000 | 00620nam0 2200229 45 | |
| 001 | 0932038904 | |
| 005 | 20091015085506.79 | |
| 010 | @a978-7-80229-059-4@dCNY28.00 | |
| 092 | @bJIANG | |
| 100 | @a20090515d2007 ekmy0 y0120 ea | |
| 102 | @aCN@b130000 | |
| 102 | @aCN@b110000 | |
| 105 | @ay z 000yy | |
| 200 | 1 | @a数字化校园资源使用指南@f蒋必彪主编@Fjiang bi biao zhu bian |
| 210 | @a北京@c中国石化出版社@d2007.09 | |
| 215 | @a204页@d20cm | |
| 606 | 0 | @a教育@x各级 |
| 690 | @aG647-39@v4 | |
| 701 | 0 | @a蒋必彪@Ajiang bi biao@4主编 |
| 801 | 0 | @aCN@c20091015 |
| 905 | @a10447@dG647-39@eJ550 | |
| 906 | @d28@n3@r1 | |
| 数字化校园资源使用指南/蒋必彪主编.-北京:中国石化出版社,2007.09 |
| 204页;20cm |
| ISBN 978-7-80229-059-4:CNY28.00 |
| ● |
| 相关链接 |
|
|
|
正题名:数字化校园资源使用指南
索取号:G647-39/J550
 
预约/预借
| 序号 | 登录号 | 条形码 | 馆藏地/架位号 | 状态 | 备注 |
| 1 | 894974 | 208949744 | 社科库409/409社科库 13排1列3层/ [索取号:G647-39/J550] | 在馆 | |
| 2 | 894975 | 208949753 | 社科库409/409社科库 13排1列3层/ [索取号:G647-39/J550] | 在馆 | |
| 3 | 894976 | 208949762 | 社科库409/409社科库 13排1列3层/ [索取号:G647-39/J550] | 在馆 |